000 00782nam a2200145Ia 4500
008 090124s9999 xx 000 0 und d
082 _b29870
_a3410
245 _a" तूचि बाप, धनी (श्री. सद्गुरु दिगंबरदास महाराजांचे अलौकिक चरित्र)"
250 _a2
260 _c1993
300 _a580
630 _a" तूचि बाप, धनी (श्री. सद्गुरु दिगंबरदास महाराजांचे अलौकिक चरित्र)"
730 _a" तूचि बाप, धनी (श्री. सद्गुरु दिगंबरदास महाराजांचे अलौकिक चरित्र)"
942 _cBOOK
999 _c143352
_d143352